000 00362pab a2200145 454500
008 180718b2002 xxu||||| |||| 00| 0 eng d
100 _aJoffe, Helene
245 _aSocial representations and health psychology
260 _c2002
300 _ap.559-80.
362 _aDec
650 _aHealth services
773 _aSocial Science Information
909 _a55258
999 _c55258
_d55258